Guess the band - Easy - Statistics

General Stats
  • This quiz has been taken 108 times
    75 since last reset
  • The average score is 15 of 20
Answer Stats
Hint Answer % Correct
Rocket man Elton John
95%
Smell like teen spirit Nirvana
95%
Yellow Submarine Beatles
93%
Stayin' alive Bee Gees
93%
Stairway to Heaven Led Zeppelin
90%
Don't stop me now Queen
89%
Bad Micheal Jackson
87%
Californication Red Hot Chili Peppers
87%
Sweet child o'mine Guns 'n Roses
85%
Seven Nations Army White Stripes
85%
Smoke on the water Deep Purple
84%
Another brick in the wall Pink Floyd
82%
Crazy Train Ozzy Osbourne
77%
Should I stay or Should I go Clash
75%
Rosanna Toto
61%
Detroit rock city Kiss
59%
Shout Tears for Fears
56%
American Woman Lenny Kravitz
54%
My Generation Who
54%
No one knows Queens of the Stone Age
43%
No matching quizzes found
Score Distribution
Percent of People with Each Score
Percentile by Number Answered
Your Score History
You have not taken this quiz since the last reset